Connexions #3 - Contes - Statistiques

Statistiques générales
  • Ce quiz a été pris 48 fois
  • Le résultat moyen est 130 sur 192
Statistiques - réponses
Question Tuile Select % Correct
Je suis adapté en classique d'animation (long-métrage) Disney. La Petite Sirène Oui
98%
Le loup est le méchant de mon histoire. Ali Baba et les Quarante Voleurs Non
95%
Le loup est le méchant de mon histoire. Boucle d'or et les Trois Ours Non
95%
Le loup est le méchant de mon histoire. Cendrillon Non
95%
Le loup est le méchant de mon histoire. Jack et le Haricot magique Non
95%
Le loup est le méchant de mon histoire. La Petite Fille aux allumettes Non
95%
Le loup est le méchant de mon histoire. La Petite Sirène Non
95%
Le loup est le méchant de mon histoire. La Reine des neiges Non
95%
Je suis adapté en classique d'animation (long-métrage) Disney. Le Loup et les Sept Chevreaux Non
95%
Le loup est le méchant de mon histoire. Le Petit chaperon rouge Oui
95%
Le loup est le méchant de mon histoire. Le Vilain Petit Canard Non
95%
Je suis adapté en classique d'animation (long-métrage) Disney. Pierre et le Loup Non
95%
Je suis adapté en classique d'animation (long-métrage) Disney. Pierre Lapin Non
95%
Je suis adapté en classique d'animation (long-métrage) Disney. Boucle d'or et les Trois Ours Non
93%
Je suis adapté en classique d'animation (long-métrage) Disney. Cendrillon Oui
93%
Je suis adapté en classique d'animation (long-métrage) Disney. La Petite Fille aux allumettes Non
93%
Je suis adapté en classique d'animation (long-métrage) Disney. Le Petit Poucet Non
93%
Le loup est le méchant de mon histoire. Le Petit Poucet Non
93%
Je suis adapté en classique d'animation (long-métrage) Disney. Les Trois Petits Cochons Non
93%
Le loup est le méchant de mon histoire. Pinocchio Non
93%
Je suis adapté en classique d'animation (long-métrage) Disney. Jack et le Haricot magique Non
91%
Je suis adapté en classique d'animation (long-métrage) Disney. La Reine des neiges Oui
91%
Je suis adapté en classique d'animation (long-métrage) Disney. Le Petit chaperon rouge Non
91%
Je suis adapté en classique d'animation (long-métrage) Disney. Le Vilain Petit Canard Non
91%
Je suis adapté en classique d'animation (long-métrage) Disney. Peau d'âne Non
91%
Le loup est le méchant de mon histoire. Peau d'âne Non
91%
Le loup est le méchant de mon histoire. Pierre Lapin Non
91%
Le loup est le méchant de mon histoire. Le Loup et les Sept Chevreaux Oui
88%
Le loup est le méchant de mon histoire. Pierre et le Loup Oui
88%
Je suis adapté en classique d'animation (long-métrage) Disney. Pinocchio Oui
88%
Je suis adapté en classique d'animation (long-métrage) Disney. Ali Baba et les Quarante Voleurs Non
86%
Je suis un conte de Charles Perrault. Ali Baba et les Quarante Voleurs Non
86%
J'apparais dans le premier film d'animation "Shrek". Ali Baba et les Quarante Voleurs Non
86%
Je suis un conte de Charles Perrault. La Petite Sirène Non
86%
Je suis un conte de Charles Perrault. La Reine des neiges Non
86%
J'apparais dans le premier film d'animation "Shrek". La Reine des neiges Non
86%
J'apparais dans le premier film d'animation "Shrek". Le Loup et les Sept Chevreaux Non
86%
Le loup est le méchant de mon histoire. Les Trois Petits Cochons Oui
86%
Je suis un conte de Charles Perrault. Pinocchio Non
86%
Mon ou mes protagonistes sont des animaux. Ali Baba et les Quarante Voleurs Non
84%
Mon ou mes protagonistes sont des animaux. Cendrillon Non
84%
Mon ou mes protagonistes sont des animaux. Jack et le Haricot magique Non
84%
Mon ou mes protagonistes sont des animaux. La Petite Fille aux allumettes Non
84%
Mon ou mes protagonistes sont des animaux. La Reine des neiges Non
84%
Je suis un conte des frères Grimm. Ali Baba et les Quarante Voleurs Non
81%
Mon ou mes protagonistes sont des animaux. Le Petit Poucet Non
81%
Mon ou mes protagonistes sont des animaux. Les Trois Petits Cochons Oui
81%
J'apparais dans le premier film d'animation "Shrek". Le Vilain Petit Canard Non
81%
Mon ou mes protagonistes sont des animaux. Le Vilain Petit Canard Oui
81%
Mon ou mes protagonistes sont des animaux. Peau d'âne Non
81%
J'apparais dans le premier film d'animation "Shrek". Pierre et le Loup Non
81%
J'apparais dans le premier film d'animation "Shrek". Pierre Lapin Non
81%
Je suis un conte de Charles Perrault. La Petite Fille aux allumettes Non
79%
J'apparais dans le premier film d'animation "Shrek". La Petite Fille aux allumettes Non
79%
Mon ou mes protagonistes sont des animaux. La Petite Sirène Non
79%
J'apparais dans le premier film d'animation "Shrek". Peau d'âne Non
79%
Je suis un conte des frères Grimm. Pierre Lapin Non
79%
Au moins l'un de mes protagonistes se fait dévorer. Ali Baba et les Quarante Voleurs Non
77%
Il y a au moins un animal de la basse-cour important dans mon histoire. Boucle d'or et les Trois Ours Non
77%
Au moins l'un de mes protagonistes se fait dévorer. Cendrillon Non
77%
Je suis un conte de Charles Perrault. Jack et le Haricot magique Non
77%
Dans ma première version, l'histoire ne se termine pas bien. Jack et le Haricot magique Non
77%
Au moins l'un de mes protagonistes se fait dévorer. La Petite Fille aux allumettes Non
77%
J'apparais dans le premier film d'animation "Shrek". La Petite Sirène Non
77%
Il y a au moins un animal de la basse-cour important dans mon histoire. La Petite Sirène Non
77%
Au moins l'un de mes protagonistes se fait dévorer. La Petite Sirène Non
77%
Il y a au moins un animal de la basse-cour important dans mon histoire. La Reine des neiges Non
77%
Au moins l'un de mes protagonistes se fait dévorer. La Reine des neiges Non
77%
Mon ou mes protagonistes sont des animaux. Le Loup et les Sept Chevreaux Oui
77%
Il y a au moins un animal de la basse-cour important dans mon histoire. Le Petit chaperon rouge Non
77%
Il y a au moins un animal de la basse-cour important dans mon histoire. Le Petit Poucet Non
77%
Je suis un conte des frères Grimm. Les Trois Petits Cochons Non
77%
Au moins l'un de mes protagonistes se fait dévorer. Le Vilain Petit Canard Non
77%
Mon ou mes protagonistes sont des animaux. Pinocchio Non
77%
Il y a au moins un animal de la basse-cour important dans mon histoire. Ali Baba et les Quarante Voleurs Non
74%
Je suis un conte d'origine anglaise. Cendrillon Non
74%
Il y a au moins un animal de la basse-cour important dans mon histoire. La Petite Fille aux allumettes Non
74%
Je suis un conte des frères Grimm. La Reine des neiges Non
74%
Je suis un conte d'origine anglaise. Le Petit chaperon rouge Non
74%
J'apparais dans le premier film d'animation "Shrek". Le Petit Poucet Non
74%
J'apparais dans le premier film d'animation "Shrek". Les Trois Petits Cochons Oui
74%
Je suis un conte de Hans Christian Andersen. Les Trois Petits Cochons Non
74%
Au moins l'un de mes protagonistes se fait dévorer. Peau d'âne Non
74%
Je suis un conte de Charles Perrault. Pierre et le Loup Non
74%
Je suis un conte des frères Grimm. Pierre et le Loup Non
74%
Je suis un conte de Charles Perrault. Pierre Lapin Non
74%
Mon ou mes protagonistes sont des animaux. Pierre Lapin Oui
74%
Dans ma première version, l'histoire ne se termine pas bien. Pierre Lapin Non
74%
Je suis un conte des frères Grimm. Pinocchio Non
74%
J'apparais dans le premier film d'animation "Shrek". Pinocchio Oui
74%
Je suis un conte d'origine anglaise. Ali Baba et les Quarante Voleurs Non
72%
Au moins l'un de mes protagonistes se fait dévorer. Boucle d'or et les Trois Ours Non
72%
Il y a au moins un animal de la basse-cour important dans mon histoire. Cendrillon Non
72%
J'apparais dans le premier film d'animation "Shrek". Jack et le Haricot magique Non
72%
Au moins l'un de mes protagonistes se fait dévorer. Jack et le Haricot magique Non
72%
Je suis un conte de Hans Christian Andersen. Le Loup et les Sept Chevreaux Non
72%
Une de mes adaptations au cinéma n'étant pas un long-métrage Disney a obtenu un Oscar. Le Loup et les Sept Chevreaux Non
72%
Je suis un conte de Hans Christian Andersen. Le Petit chaperon rouge Non
72%
Au moins l'un de mes protagonistes se fait dévorer. Le Petit chaperon rouge Oui
72%
Je suis un conte de Charles Perrault. Le Petit Poucet Oui
72%
Une de mes adaptations au cinéma n'étant pas un long-métrage Disney a obtenu un Oscar. Le Petit Poucet Non
72%
Dans ma première version, l'histoire ne se termine pas bien. Le Vilain Petit Canard Non
72%
Je suis un conte de Hans Christian Andersen. Pierre Lapin Non
72%
Je suis un conte de Hans Christian Andersen. Ali Baba et les Quarante Voleurs Non
70%
Dans ma première version, l'histoire ne se termine pas bien. Ali Baba et les Quarante Voleurs Non
70%
Je suis un conte de Hans Christian Andersen. Boucle d'or et les Trois Ours Non
70%
Une de mes adaptations au cinéma n'étant pas un long-métrage Disney a obtenu un Oscar. Boucle d'or et les Trois Ours Non
70%
Je suis un conte de Hans Christian Andersen. Jack et le Haricot magique Non
70%
Je suis un conte d'origine anglaise. La Petite Sirène Non
70%
Je suis un conte de Charles Perrault. Le Loup et les Sept Chevreaux Non
70%
Mon ou mes protagonistes sont des animaux. Le Petit chaperon rouge Non
70%
Je suis un conte d'origine anglaise. Le Petit Poucet Non
70%
Je suis un conte de Hans Christian Andersen. Le Petit Poucet Non
70%
Dans ma première version, l'histoire ne se termine pas bien. Les Trois Petits Cochons Non
70%
Je suis un conte d'origine anglaise. Pierre et le Loup Non
70%
Il y a au moins un animal de la basse-cour important dans mon histoire. Pinocchio Non
70%
Une de mes adaptations au cinéma n'étant pas un long-métrage Disney a obtenu un Oscar. La Petite Fille aux allumettes Non
67%
Je suis un conte des frères Grimm. La Petite Sirène Non
67%
Je suis un conte d'origine anglaise. La Reine des neiges Non
67%
Je suis un conte d'origine anglaise. Le Loup et les Sept Chevreaux Non
67%
Dans ma première version, l'histoire ne se termine pas bien. Le Petit Poucet Non
67%
Je suis un conte de Charles Perrault. Les Trois Petits Cochons Non
67%
Il y a au moins un animal de la basse-cour important dans mon histoire. Le Vilain Petit Canard Oui
67%
Je suis un conte de Hans Christian Andersen. Peau d'âne Non
67%
Mon ou mes protagonistes sont des animaux. Pierre et le Loup Non
67%
Je suis un conte de Hans Christian Andersen. Pierre et le Loup Non
67%
Une de mes adaptations au cinéma n'étant pas un long-métrage Disney a obtenu un Oscar. Pierre Lapin Non
67%
Je suis un conte de Hans Christian Andersen. Pinocchio Non
67%
Je suis un conte de Hans Christian Andersen. Cendrillon Non
65%
Je suis un conte de Hans Christian Andersen. La Petite Sirène Oui
65%
Je suis un conte de Charles Perrault. Le Petit chaperon rouge Oui
65%
Au moins l'un de mes protagonistes se fait dévorer. Pierre Lapin Non
65%
Je suis un conte d'origine anglaise. Pinocchio Non
65%
Je suis un conte des frères Grimm. La Petite Fille aux allumettes Non
63%
Une de mes adaptations au cinéma n'étant pas un long-métrage Disney a obtenu un Oscar. La Reine des neiges Non
63%
Une de mes adaptations au cinéma n'étant pas un long-métrage Disney a obtenu un Oscar. Le Petit chaperon rouge Non
63%
Je suis un conte des frères Grimm. Le Petit Poucet Non
63%
Je suis un conte de Charles Perrault. Le Vilain Petit Canard Non
63%
Dans ma première version, l'histoire ne se termine pas bien. Peau d'âne Non
63%
Dans ma première version, l'histoire ne se termine pas bien. Pierre et le Loup Non
63%
Dans ma première version, l'histoire ne se termine pas bien. Pinocchio Non
63%
Je suis un conte d'origine anglaise. Jack et le Haricot magique Oui
60%
Une de mes adaptations au cinéma n'étant pas un long-métrage Disney a obtenu un Oscar. La Petite Sirène Non
60%
Au moins l'un de mes protagonistes se fait dévorer. Le Loup et les Sept Chevreaux Oui
60%
Je suis un conte d'origine anglaise. Le Vilain Petit Canard Non
60%
Je suis un conte d'origine anglaise. Peau d'âne Non
60%
Mon ou mes protagonistes sont des animaux. Boucle d'or et les Trois Ours Non
58%
Une de mes adaptations au cinéma n'étant pas un long-métrage Disney a obtenu un Oscar. Cendrillon Non
58%
Dans ma première version, l'histoire ne se termine pas bien. Le Loup et les Sept Chevreaux Non
58%
Je suis un conte des frères Grimm. Le Vilain Petit Canard Non
58%
Je suis un conte de Charles Perrault. Boucle d'or et les Trois Ours Non
56%
Dans ma première version, l'histoire ne se termine pas bien. Cendrillon Non
56%
Une de mes adaptations au cinéma n'étant pas un long-métrage Disney a obtenu un Oscar. Jack et le Haricot magique Non
56%
Dans ma première version, l'histoire ne se termine pas bien. La Reine des neiges Non
56%
Il y a au moins un animal de la basse-cour important dans mon histoire. Peau d'âne Non
56%
Au moins l'un de mes protagonistes se fait dévorer. Le Petit Poucet Non
53%
Je suis un conte des frères Grimm. Peau d'âne Non
53%
Je suis un conte d'origine anglaise. La Petite Fille aux allumettes Non
51%
Je suis un conte de Hans Christian Andersen. La Petite Fille aux allumettes Oui
51%
Une de mes adaptations au cinéma n'étant pas un long-métrage Disney a obtenu un Oscar. Ali Baba et les Quarante Voleurs Non
49%
Dans ma première version, l'histoire ne se termine pas bien. La Petite Sirène Oui
49%
Dans ma première version, l'histoire ne se termine pas bien. Le Petit chaperon rouge Oui
49%
Il y a au moins un animal de la basse-cour important dans mon histoire. Pierre Lapin Oui
49%
Je suis un conte des frères Grimm. Jack et le Haricot magique Non
47%
Je suis un conte de Hans Christian Andersen. La Reine des neiges Oui
47%
Je suis un conte de Charles Perrault. Peau d'âne Oui
42%
Je suis un conte de Charles Perrault. Cendrillon Oui
40%
Dans ma première version, l'histoire ne se termine pas bien. La Petite Fille aux allumettes Oui
40%
Je suis un conte des frères Grimm. Boucle d'or et les Trois Ours Oui
37%
Je suis un conte d'origine anglaise. Pierre Lapin Oui
37%
Je suis un conte des frères Grimm. Cendrillon Oui
35%
Il y a au moins un animal de la basse-cour important dans mon histoire. Le Loup et les Sept Chevreaux Non
35%
Au moins l'un de mes protagonistes se fait dévorer. Pierre et le Loup Non
35%
J'apparais dans le premier film d'animation "Shrek". Le Petit chaperon rouge Non
33%
J'apparais dans le premier film d'animation "Shrek". Boucle d'or et les Trois Ours Oui
30%
Une de mes adaptations au cinéma n'étant pas un long-métrage Disney a obtenu un Oscar. Peau d'âne Non
30%
J'apparais dans le premier film d'animation "Shrek". Cendrillon Oui
28%
Au moins l'un de mes protagonistes se fait dévorer. Pinocchio Oui
28%
Je suis un conte de Hans Christian Andersen. Le Vilain Petit Canard Oui
26%
Il y a au moins un animal de la basse-cour important dans mon histoire. Les Trois Petits Cochons Non
23%
Il y a au moins un animal de la basse-cour important dans mon histoire. Pierre et le Loup Oui
23%
Une de mes adaptations au cinéma n'étant pas un long-métrage Disney a obtenu un Oscar. Pinocchio Oui
23%
Je suis un conte d'origine anglaise. Boucle d'or et les Trois Ours Oui
21%
Je suis un conte des frères Grimm. Le Petit chaperon rouge Oui
16%
Au moins l'un de mes protagonistes se fait dévorer. Les Trois Petits Cochons Oui
14%
Une de mes adaptations au cinéma n'étant pas un long-métrage Disney a obtenu un Oscar. Pierre et le Loup Oui
14%
Je suis un conte des frères Grimm. Le Loup et les Sept Chevreaux Oui
12%
Je suis un conte d'origine anglaise. Les Trois Petits Cochons Oui
12%
Une de mes adaptations au cinéma n'étant pas un long-métrage Disney a obtenu un Oscar. Les Trois Petits Cochons Oui
12%
Il y a au moins un animal de la basse-cour important dans mon histoire. Jack et le Haricot magique Oui
9%
Dans ma première version, l'histoire ne se termine pas bien. Boucle d'or et les Trois Ours Oui
7%
Une de mes adaptations au cinéma n'étant pas un long-métrage Disney a obtenu un Oscar. Le Vilain Petit Canard Oui
5%
Aucun quiz correspondant
Distribution des résultats
% des personnes avec chaque résultat
Percentile par nombre de réponses
Votre historique - résultats
Vous n’avez pas pris ce quiz